000 00312nam a22001337a 4500
008 181204b xxu||||| |||| 00| 0 eng d
020 _a0070120625
041 _aeng
080 _a621
100 _a25
101 _aENG
245 _aTechnical Analysis For Trading Profesional
_cBrown.P
942 _2udc
_cBK
999 _c52753
_d52753